|
LDR
| 02247nam a22005175i 4500 |
|---|
| 001 | 42234 |
|---|
| 003 | CONS |
|---|
| 005 | 20130727042328.0 |
|---|
| 007 | cr nn 008mamaa |
|---|
| 008 | 120628s2012 gw | s |||| 0|eng d |
|---|
| 020 | | . |
‡a9783642316685
‡9978-3-642-31668-5 |
|---|
| 024 | 7 | . |
‡a10.1007/978-3-642-31668-5
‡2doi |
|---|
| 035 | | . |
‡a(DE-He213)978-3-642-31668-5 |
|---|
| 050 | | 4. |
‡aTK5105.5-5105.9 |
|---|
| 072 | | 7. |
‡aUKN
‡2bicssc |
|---|
| 072 | | 7. |
‡aCOM075000
‡2bisacsh |
|---|
| 100 | 1 | . |
‡aCamenisch, Jan.
‡eeditor. |
|---|
| 245 | 1 | 0. |
‡aPrivacy and Identity Management for Life
‡h[electronic resource] :
‡b7th IFIP WG 9.2, 9.6/11.7, 11.4, 11.6/PrimeLife International Summer School, Trento, Italy, September 5-9, 2011, Revised Selected Papers /
‡cedited by Jan Camenisch, Bruno Crispo, Simone Fischer-Hübner, Ronald Leenes, Giovanni Russello. |
|---|
| 264 | | 1. |
‡aBerlin, Heidelberg :
‡bSpringer Berlin Heidelberg,
‡c2012. |
|---|
| 300 | | . |
‡aXIII, 293p. 39 illus.
‡bonline resource. |
|---|
| 336 | | . |
‡atext
‡btxt
‡2rdacontent |
|---|
| 337 | | . |
‡acomputer
‡bc
‡2rdamedia |
|---|
| 338 | | . |
‡aonline resource
‡bcr
‡2rdacarrier |
|---|
| 347 | | . |
‡atext file
‡bPDF
‡2rda |
|---|
| 490 | 1 | . |
‡aIFIP Advances in Information and Communication Technology,
‡x1868-4238 ;
‡v375 |
|---|
| 650 | | 0. |
‡aComputer science. |
|---|
| 650 | | 0. |
‡aComputer Communication Networks. |
|---|
| 650 | | 0. |
‡aData encryption (Computer science). |
|---|
| 650 | | 0. |
‡aComputer software. |
|---|
| 650 | | 0. |
‡aInformation Systems. |
|---|
| 650 | 1 | 4. |
‡aComputer Science. |
|---|
| 650 | 2 | 4. |
‡aComputer Communication Networks. |
|---|
| 650 | 2 | 4. |
‡aManagement of Computing and Information Systems. |
|---|
| 650 | 2 | 4. |
‡aData Encryption. |
|---|
| 650 | 2 | 4. |
‡aComputers and Society. |
|---|
| 650 | 2 | 4. |
‡aInformation Systems Applications (incl. Internet). |
|---|
| 650 | 2 | 4. |
‡aAlgorithm Analysis and Problem Complexity. |
|---|
| 700 | 1 | . |
‡aCrispo, Bruno.
‡eeditor. |
|---|
| 700 | 1 | . |
‡aFischer-Hübner, Simone.
‡eeditor. |
|---|
| 700 | 1 | . |
‡aLeenes, Ronald.
‡eeditor. |
|---|
| 700 | 1 | . |
‡aRussello, Giovanni.
‡eeditor. |
|---|
| 710 | 2 | . |
‡aSpringerLink (Online service) |
|---|
| 773 | 0 | . |
‡tSpringer eBooks |
|---|
| 776 | 0 | 8. |
‡iPrinted edition:
‡z9783642316678 |
|---|
| 830 | | 0. |
‡aIFIP Advances in Information and Communication Technology,
‡x1868-4238 ;
‡v375 |
|---|
| 856 | 4 | 0. |
‡uhttp://biblioteca.ipicyt.edu.mx:2048/login?url=http://dx.doi.org/10.1007/978-3-642-31668-5
‡yTexto completo
‡9CONS |
|---|
| 950 | | . |
‡aComputer Science (Springer-11645) |
|---|
| 901 | | . |
‡a42234
‡b
‡c42234
‡tbiblio
‡sSystem Local |
|---|